[Event "IRT Homenaje a los Jovenes Maestros Para"]
[Site "Asuncion"]
[Date "2011.03.10"]
[Round "1.1"]
[White "Almiron, Antonio"]
[Black "Saldana, Fernando Javier"]
[Result "1-0"]
[WhiteElo "2128"]
[BlackElo "1737"]
[PlyCount "79"]
[EventDate "2011.03.10"]

1. e4 c5 2. Nf3 d6 3. d4 cxd4 4. Nxd4 Nf6 5. Nc3 a6 6. Bg5 e5 7. Nb3 Be6 8. f4
exf4 9. Nd4 Nbd7 10. Qd2 Qc7 11. O-O-O Be7 12. Bxf4 Ne5 13. Nd5 Bxd5 14. exd5
Nfd7 15. Nf5 Bf6 16. Bg5 Rg8 17. Bxf6 Nxf6 18. Qb4 Rd8 19. Qh4 Rc8 20. Rd2 Kf8
21. Qb4 Rd8 22. Be2 Qd7 23. Rf1 a5 24. Qxa5 Ne4 25. Rd4 Nf6 26. Bb5 Qc8 27. Qb6
Qb8 28. Kb1 g6 29. Nh6 Kg7 30. Nxg8 Nxg8 31. Ra4 Nd7 32. Bxd7 Rxd7 33. Qd4+ f6
34. g4 g5 35. h4 h6 36. hxg5 hxg5 37. Ra3 Re7 38. Re3 Qe8 39. Rfe1 Rxe3 40.
Rxe3 1-0

[Event "IRT Homenaje a los Jovenes Maestros Para"]
[Site "Asuncion"]
[Date "2011.03.10"]
[Round "1.2"]
[White "Rivarola, Paul"]
[Black "Butti, Enrique"]
[Result "1/2-1/2"]
[WhiteElo "1706"]
[BlackElo "2053"]
[PlyCount "56"]
[EventDate "2011.03.10"]

1. d4 Nf6 2. c4 e6 3. g3 c5 4. e3 d5 5. Bg2 Nc6 6. Nf3 cxd4 7. Nxd4 Bb4+ 8. Bd2
Bc5 9. Nxc6 bxc6 10. b4 Be7 11. O-O O-O 12. c5 a5 13. bxa5 Bxc5 14. Qc2 Nd7 15.
Bc3 Bd6 16. Nd2 Ba6 17. Rfb1 c5 18. a4 Rc8 19. Bf1 c4 20. Rb5 Be5 21. Nf3 Bxc3
22. Qxc3 Nc5 23. Rb6 Rb8 24. Qb4 Nd7 25. Rb5 Qf6 26. Nd4 e5 27. Rxb8 Rxb8 28.
Nb5 e4 1/2-1/2

[Event "IRT Homenaje a los Jovenes Maestros Para"]
[Site "Asuncion"]
[Date "2011.03.10"]
[Round "1.3"]
[White "Chang, Suzana"]
[Black "Riva, Eric"]
[Result "1/2-1/2"]
[WhiteElo "2014"]
[BlackElo "1687"]
[PlyCount "37"]
[EventDate "2011.03.10"]

1. e4 d6 2. d4 Nf6 3. Nc3 e6 4. Bd3 Be7 5. Nf3 O-O 6. O-O c5 7. dxc5 dxc5 8. e5
Nd5 9. Ne4 Nb4 10. Be3 Nxd3 11. cxd3 b5 12. d4 Bb7 13. Qc2 cxd4 14. Bxd4 Nc6
15. Rfd1 Nb4 16. Qe2 Nd5 17. Rd2 Rc8 18. a3 Qc7 19. Rad1 1/2-1/2

[Event "IRT Homenaje a los Jovenes Maestros Para"]
[Site "Asuncion"]
[Date "2011.03.10"]
[Round "1.4"]
[White "Torres, Mauricio"]
[Black "Roman, Rodrigo"]
[Result "0-1"]
[WhiteElo "1671"]
[BlackElo "1970"]
[PlyCount "52"]
[EventDate "2011.03.10"]

1. e4 c5 2. Nc3 Nc6 3. g3 g6 4. Bg2 Bg7 5. f4 d6 6. Nf3 e5 7. d3 Nge7 8. O-O
Nd4 9. f5 gxf5 10. Nh4 fxe4 11. Qh5 Be6 12. Nxe4 Ng8 13. c3 Nc2 14. Bg5 Qb6 15.
Rac1 c4+ 16. d4 exd4 17. Nxd6+ Qxd6 18. Rxc2 dxc3 19. bxc3 Qc5+ 20. Kh1 Nf6 21.
Qd1 Qxg5 22. Bxb7 Bd5+ 23. Bxd5 Qxd5+ 24. Qxd5 Nxd5 25. Nf5 O-O 26. Rd2 Nxc3
0-1

[Event "IRT Homenaje a los Jovenes Maestros Para"]
[Site "Asuncion"]
[Date "2011.03.10"]
[Round "1.5"]
[White "Heinechen, John"]
[Black "Estigarribia, Marcos"]
[Result "1-0"]
[WhiteElo "1801"]
[BlackElo "1637"]
[PlyCount "59"]
[EventDate "2011.03.10"]

1. e4 d5 2. exd5 Qxd5 3. c4 Qa5 4. Nc3 c6 5. d4 Nf6 6. Bd3 Qc7 7. Nge2 Bg4 8.
f3 Bh5 9. Bf4 Qd7 10. O-O e6 11. d5 exd5 12. Ng3 Bc5+ 13. Kh1 O-O 14. Bf5 Qd8
15. cxd5 Nxd5 16. Nxh5 g6 17. Bh6 Re8 18. Ne4 gxh5 19. Qe1 Bd6 20. Rd1 Na6 21.
f4 Bf8 22. Qg3+ Kh8 23. Bg5 Be7 24. Qh4 Bxg5 25. Qxh5 h6 26. fxg5 Qc7 27. Qxh6+
Kg8 28. Bh7+ Kh8 29. Bg6+ Kg8 30. Qh7+ 1-0

[Event "IRT Homenaje a los Jovenes Maestros Para"]
[Site "Asuncion"]
[Date "2011.03.11"]
[Round "2.1"]
[White "Heinechen, John"]
[Black "Almiron, Antonio"]
[Result "0-1"]
[WhiteElo "1801"]
[BlackElo "2128"]
[PlyCount "94"]
[EventDate "2011.03.10"]

1. e4 c5 2. Nc3 a6 3. Nf3 d6 4. d4 cxd4 5. Nxd4 Nf6 6. Be3 e6 7. Be2 Be7 8. f4
Qc7 9. O-O Nc6 10. Qd2 O-O 11. Rae1 Bd7 12. Nb3 b5 13. a3 Rad8 14. Bf3 Rfe8 15.
g4 Bc8 16. Qg2 Bb7 17. g5 Nd7 18. f5 Nce5 19. fxe6 fxe6 20. Nd4 Bf8 21. Qh3
Nxf3+ 22. Rxf3 Ne5 23. Rf4 Ng6 24. Rf2 Bc8 25. Ref1 d5 26. Rf7 Qxf7 27. Rxf7
Kxf7 28. Qf3+ Kg8 29. exd5 exd5 30. Bf4 Bc5 31. Be3 Ne5 32. Qg3 Ng4 33. Bf2
Nxf2 34. Qxf2 Rf8 35. Qh4 Bxd4+ 36. Qxd4 Bh3 37. Qd3 Rf1+ 38. Qxf1 Bxf1 39.
Kxf1 d4 40. Ne4 d3 41. cxd3 Rxd3 42. Ke2 Rb3 43. Nc5 Rxb2+ 44. Kd3 Ra2 45. Kc3
Rxa3+ 46. Kb4 Ra1 47. h4 g6 0-1

[Event "IRT Homenaje a los Jovenes Maestros Para"]
[Site "Asuncion"]
[Date "2011.03.11"]
[Round "2.3"]
[White "Butti, Enrique"]
[Black "Chang, Suzana"]
[Result "1/2-1/2"]
[WhiteElo "2053"]
[BlackElo "2014"]
[PlyCount "25"]
[EventDate "2011.03.10"]

1. d4 Nf6 2. c4 c5 3. d5 b5 4. cxb5 a6 5. bxa6 Bxa6 6. Nc3 d6 7. e4 Bxf1 8.
Kxf1 g6 9. g3 Bg7 10. Kg2 O-O 11. Nf3 Nbd7 12. Rb1 Qb6 13. b3 1/2-1/2

[Event "IRT Homenaje a los Jovenes Maestros Para"]
[Site "Asuncion"]
[Date "2011.03.11"]
[Round "2.4"]
[White "Riva, Eric"]
[Black "Rivarola, Paul"]
[Result "1/2-1/2"]
[WhiteElo "1687"]
[BlackElo "1706"]
[PlyCount "62"]
[EventDate "2011.03.10"]

1. Nf3 d5 2. d4 g6 3. e3 Bg7 4. Bd3 Nf6 5. O-O O-O 6. c3 b6 7. Nbd2 Bb7 8. Qc2
c5 9. Ne5 Nbd7 10. f4 c4 11. Be2 Qc7 12. Bf3 b5 13. e4 e6 14. Nxd7 Qxd7 15. e5
Ne8 16. b3 a5 17. Ba3 Nc7 18. Bxf8 Bxf8 19. bxc4 b4 20. cxb4 axb4 21. Rfc1 Ra3
22. Nb1 Rxf3 23. gxf3 dxc4 24. Qxc4 Ba6 25. Qxc7 Qxd4+ 26. Kh1 Qxa1 27. Nd2 Qd4
28. Ne4 h6 29. Nf6+ Kg7 30. Ne8+ Kg8 31. Nf6+ Kg7 1/2-1/2

[Event "IRT Homenaje a los Jovenes Maestros Para"]
[Site "Asuncion"]
[Date "2011.03.11"]
[Round "2.5"]
[White "Florentin, Damaso"]
[Black "Torres, Mauricio"]
[Result "0-1"]
[WhiteElo "1755"]
[BlackElo "1671"]
[PlyCount "83"]
[EventDate "2011.03.10"]

1. d4 Nf6 2. Nf3 g6 3. e3 Bg7 4. c4 O-O 5. Nc3 d6 6. Qc2 c5 7. b3 Nc6 8. a3 Bg4
9. dxc5 dxc5 10. Bb2 Bf5 11. Qc1 Qa5 12. Nd2 Rfd8 13. Be2 Rxd2 14. Qxd2 Rd8 15.
Nd5 Qxd2+ 16. Kxd2 Nxd5 17. Bxg7 Nf6+ 18. Kc3 Kxg7 19. f3 a5 20. Rhd1 Rc8 21.
g4 Be6 22. Rd2 Bxg4 23. fxg4 Ne4+ 24. Kc2 Nxd2 25. Kxd2 Rd8+ 26. Kc3 Rd6 27.
Rd1 Kf6 28. Rf1+ Kg7 29. h3 Ne5 30. Rd1 Kf6 31. Rb1 Kg5 32. b4 axb4+ 33. axb4
cxb4+ 34. Rxb4 b6 35. Rb5 f6 36. Rb1 Kh4 37. Ra1 Kxh3 38. Rh1+ Kg3 39. Rxh7 Re6
40. Kd4 Nxg4 41. Rh1 Rd6+ 42. Ke4 0-1

[Event "IRT Homenaje a los Jovenes Maestros Para"]
[Site "Asuncion"]
[Date "2011.03.11"]
[Round "2.6"]
[White "Saldana, Fernando Javier"]
[Black "Apuril, Jose"]
[Result "0-1"]
[WhiteElo "1737"]
[BlackElo "1836"]
[PlyCount "68"]
[EventDate "2011.03.10"]

1. c4 Nf6 2. Nc3 Nc6 3. g3 b6 4. Bg2 Bb7 5. b3 e5 6. Bb2 Bc5 7. Nf3 Nd4 8. O-O
d6 9. e3 Nxf3+ 10. Bxf3 e4 11. Bg2 Qe7 12. d4 Bb4 13. Ne2 d5 14. Qc2 c6 15.
Rac1 Bd6 16. c5 Bc7 17. b4 b5 18. a4 a6 19. axb5 axb5 20. Ra1 O-O 21. Rxa8 Rxa8
22. Ra1 Rxa1+ 23. Bxa1 g5 24. h3 h5 25. Bb2 Bc8 26. Nc1 Be6 27. Nb3 Qd7 28. Kh2
h4 29. Qe2 g4 30. Qf1 hxg3+ 31. fxg3 Nh5 32. Kg1 gxh3 33. Bh1 Bxg3 34. Nc1 h2+
0-1

[Event "IRT Homenaje a los Jovenes Mae"]
[Site "Asuncion"]
[Date "2011.03.14"]
[Round "3.1"]
[White "Almiron, Antonio"]
[Black "Roman, Rodrigo"]
[Result "1/2-1/2"]
[WhiteElo "2128"]
[BlackElo "1970"]
[PlyCount "45"]
[EventDate "2011.03.10"]

1. e4 e6 2. d4 d5 3. e5 c5 4. c3 Nc6 5. Nf3 Qb6 6. a3 Nh6 7. b4 cxd4 8. Bxh6
gxh6 9. cxd4 Bd7 10. Be2 Rc8 11. O-O a5 12. b5 Ne7 13. Qb3 Ng6 14. Rd1 Rg8 15.
Bf1 Be7 16. Nc3 Nf4 17. g3 Qd8 18. Kh1 Ng6 19. b6 Kf8 20. Rab1 Kg7 21. Na4 Qe8
22. Bb5 Rc4 23. Bxd7 1/2-1/2

[Event "IRT Homenaje a los Jovenes Mae"]
[Site "Asuncion"]
[Date "2011.03.14"]
[Round "3.3"]
[White "Chang, Suzana"]
[Black "Rivarola, Paul"]
[Result "1-0"]
[WhiteElo "2014"]
[BlackElo "1706"]
[PlyCount "81"]
[EventDate "2011.03.10"]

1. d4 e6 2. e4 g6 3. Nf3 Bg7 4. Bd3 Ne7 5. h4 d5 6. e5 c5 7. dxc5 Nbc6 8. Qe2
Qa5+ 9. c3 d4 10. b4 Qc7 11. cxd4 Nxb4 12. Bb5+ Bd7 13. O-O a6 14. Bxd7+ Qxd7
15. Nc3 O-O 16. Ne4 Nf5 17. Rd1 Nd5 18. Bg5 h6 19. Bf6 Rfc8 20. Bxg7 Kxg7 21.
Rab1 Qc6 22. Rb3 Nf4 23. Qc2 Rd8 24. Rb6 Qc7 25. g3 Nd5 26. Rb3 b5 27. Qd2 b4
28. Nd6 Nxd6 29. exd6 Qb7 30. Qd3 a5 31. Ne5 Rac8 32. Qe4 Qb5 33. Rf3 f5 34.
Qb1 Qe2 35. Kg2 g5 36. Re1 Qa6 37. hxg5 hxg5 38. Rxf5 exf5 39. Qxf5 Rxd6 40.
cxd6 Qxd6 41. Qf7+ 1-0

[Event "IRT Homenaje a los Jovenes Mae"]
[Site "Asuncion"]
[Date "2011.03.14"]
[Round "3.4"]
[White "Torres, Mauricio"]
[Black "Heinechen, John"]
[Result "0-1"]
[WhiteElo "1671"]
[BlackElo "1801"]
[PlyCount "68"]
[EventDate "2011.03.10"]

1. e4 c5 2. Nc3 Nc6 3. g3 a6 4. Bg2 b5 5. f4 e6 6. Nf3 b4 7. Ne2 d5 8. e5 h5 9.
d4 Nh6 10. O-O a5 11. c3 Ba6 12. Bh3 g6 13. Be3 Qb6 14. Rf2 Bxe2 15. Qxe2 c4
16. Nh4 Ne7 17. Re1 Nhf5 18. Bxf5 Nxf5 19. Nxf5 gxf5 20. h3 Be7 21. Rg2 Kd7 22.
Qf3 Rag8 23. Rf1 Qb5 24. g4 hxg4 25. hxg4 fxg4 26. Rxg4 bxc3 27. bxc3 Qb2 28.
Bf2 Rxg4+ 29. Qxg4 Qxc3 30. Kg2 Qc2 31. Qg7 Qe4+ 32. Kg3 Rh7 33. Qg8 Qd3+ 34.
Kg2 Qh3+ 0-1

[Event "IRT Homenaje a los Jovenes Mae"]
[Site "Asuncion"]
[Date "2011.03.14"]
[Round "3.5"]
[White "Estigarribia, Marcos"]
[Black "Riva, Eric"]
[Result "0-1"]
[WhiteElo "1637"]
[BlackElo "1687"]
[PlyCount "93"]
[EventDate "2011.03.10"]

1. c4 Nf6 2. Nc3 d6 3. g3 g6 4. Bg2 Bg7 5. d3 O-O 6. e4 e5 7. Nge2 Nc6 8. O-O
Be6 9. h3 Qd7 10. Kh2 Ne7 11. f4 c6 12. g4 exf4 13. Nxf4 Ne8 14. Qe2 Nc7 15.
Be3 Qe8 16. Rad1 Bd7 17. d4 Rd8 18. Rd2 a6 19. Rfd1 b5 20. d5 c5 21. cxb5 axb5
22. Rf1 b4 23. Nd1 Bb5 24. Qe1 Bxf1 25. Bxf1 Nb5 26. a4 bxa3 27. bxa3 Nc3 28.
Nf2 Ra8 29. Rd3 Nb5 30. Qc1 Nd4 31. Nd1 Qd7 32. Nb2 Rfb8 33. Nc4 Nf3+ 34. Kg3
Ne5 35. Nxe5 Bxe5 36. Kf3 Bb2 37. Qc2 Rxa3 38. Rxa3 Bxa3 39. Qc3 Bb2 40. Qa5
Qb7 41. Nd3 Ra8 42. Qe1 Bg7 43. Bf4 Qb6 44. Qg3 Nc8 45. g5 c4 46. Be3 Bd4 47.
Qf2 0-1

[Event "IRT Homenaje a los Jovenes Mae"]
[Site "Asuncion"]
[Date "2011.03.14"]
[Round "3.6"]
[White "Apuril, Jose"]
[Black "Florentin, Damaso"]
[Result "1-0"]
[WhiteElo "1836"]
[BlackElo "1755"]
[PlyCount "77"]
[EventDate "2011.03.10"]

1. d4 Nf6 2. Nf3 d6 3. Bf4 c6 4. c4 Bg4 5. h3 Bh5 6. e3 Qb6 7. Qc2 Bg6 8. Bd3
Bxd3 9. Qxd3 Qxb2 10. Qc3 Qb6 11. Nbd2 Nbd7 12. O-O c5 13. d5 g6 14. e4 Bg7 15.
e5 Nh5 16. Rab1 Qc7 17. Bh2 dxe5 18. Ne4 O-O 19. Rfd1 Nf4 20. Qe3 Bh6 21. Nfg5
b6 22. h4 Rfd8 23. d6 exd6 24. Rxd6 Nf8 25. Nf6+ Kg7 26. Qxe5 Nd3 27. Nh5+ Kg8
28. Rxg6+ hxg6 29. Nf6+ Kg7 30. Qxc7 Bxg5 31. hxg5 Ne6 32. Qb7 Nxg5 33. Nd5 Ne6
34. Qe7 Re8 35. Qf6+ Kg8 36. Qh4 g5 37. Qh6 f5 38. Qg6+ Ng7 39. Nf6+ 1-0

[Event "IRT Homenaje a los Jovenes Mae"]
[Site "Asuncion"]
[Date "2011.03.15"]
[Round "4.1"]
[White "Riva, Eric"]
[Black "Almiron, Antonio"]
[Result "0-1"]
[WhiteElo "1687"]
[BlackElo "2128"]
[PlyCount "70"]
[EventDate "2011.03.10"]

1. e4 c5 2. Nc3 a6 3. g3 b5 4. Bg2 Bb7 5. d3 e6 6. Nf3 Nf6 7. O-O b4 8. Ne2 d5
9. exd5 Nxd5 10. Nd2 Nc6 11. Ne4 Be7 12. Nf4 O-O 13. Be3 Nxe3 14. fxe3 g6 15.
Qe2 Kh8 16. Rf2 e5 17. Nh3 f5 18. Nd2 Qc7 19. Nc4 Rae8 20. Raf1 Bd8 21. Qd2 Bc8
22. Kh1 Na5 23. Nxa5 Qxa5 24. a3 Qb6 25. axb4 cxb4 26. Ng1 Bg5 27. Re1 Bf6 28.
Ref1 Bg5 29. Re1 Bh6 30. Qe2 a5 31. Nf3 e4 32. Nd4 Ba6 33. c4 bxc3 34. bxc3
exd3 35. Qd2 Re5 0-1

[Event "IRT Homenaje a los Jovenes Mae"]
[Site "Asuncion"]
[Date "2011.03.15"]
[Round "4.2"]
[White "Butti, Enrique"]
[Black "Apuril, Jose"]
[Result "1-0"]
[WhiteElo "2053"]
[BlackElo "1836"]
[PlyCount "39"]
[EventDate "2011.03.10"]

1. e4 c5 2. c3 e6 3. d4 cxd4 4. cxd4 d5 5. e5 Nc6 6. Nf3 Bb4+ 7. Nc3 f6 8. exf6
Nxf6 9. Bd3 Ne4 10. Qc2 Qa5 11. O-O Nf6 12. Bg5 Bd7 13. a3 Be7 14. b4 Qc7 15.
Nb5 Qb6 16. Bf4 Rc8 17. Bc7 Nxb4 18. axb4 Bxb5 19. Bxb6 Rxc2 20. Bxb5+ 1-0

[Event "IRT Homenaje a los Jovenes Mae"]
[Site "Asuncion"]
[Date "2011.03.15"]
[Round "4.3"]
[White "Roman, Rodrigo"]
[Black "Chang, Suzana"]
[Result "1/2-1/2"]
[WhiteElo "1970"]
[BlackElo "2014"]
[PlyCount "43"]
[EventDate "2011.03.10"]

1. e4 c5 2. c4 Nc6 3. Nc3 g6 4. g3 Bg7 5. Bg2 e6 6. Nge2 Nge7 7. O-O O-O 8. d3
d6 9. Be3 Nd4 10. Rb1 Nec6 11. Qd2 Rb8 12. a3 a5 13. Nb5 Nxb5 14. cxb5 Nd4 15.
Nxd4 cxd4 16. Bh6 Bxh6 17. Qxh6 Bd7 18. a4 Qe7 19. Qd2 Qd8 20. b4 Ra8 21. Rfc1
Qb6 22. h4 1/2-1/2

[Event "IRT Homenaje a los Jovenes Mae"]
[Site "Asuncion"]
[Date "2011.03.15"]
[Round "4.5"]
[White "Saldana, Fernando Javier"]
[Black "Torres, Mauricio"]
[Result "1/2-1/2"]
[WhiteElo "1737"]
[BlackElo "1671"]
[PlyCount "82"]
[EventDate "2011.03.10"]

1. e4 c5 2. Nf3 g6 3. c3 Bg7 4. d4 cxd4 5. cxd4 d5 6. e5 e6 7. Bb5+ Bd7 8.
Bxd7+ Qxd7 9. O-O Ne7 10. Be3 O-O 11. Nc3 a6 12. Na4 Qd8 13. Nc5 b6 14. Nd3 Nf5
15. Rc1 Nxe3 16. fxe3 Qd7 17. Qc2 a5 18. Qc7 Qb5 19. Qc2 Na6 20. a4 Qd7 21. Qc6
Qa7 22. Qb5 Rfc8 23. Rc6 Rxc6 24. Qxc6 Bh6 25. Kf2 Nb4 26. Nxb4 axb4 27. b3 Qa6
28. Rc1 Kg7 29. g4 Kg8 30. h4 Rb8 31. g5 Bf8 32. Qd7 Bg7 33. Rc7 Rf8 34. Nh2
Qd3 35. Ng4 Qd2+ 36. Kg3 Qe1+ 37. Kh3 Qf1+ 38. Kg3 Qd3 39. Rc8 Qxb3 40. Rxf8+
Bxf8 41. Nf6+ Kg7 1/2-1/2

[Event "IRT Homenaje a los Jovenes Mae"]
[Site "Asuncion"]
[Date "2011.03.15"]
[Round "4.6"]
[White "Rivarola, Paul"]
[Black "Estigarribia, Marcos"]
[Result "1-0"]
[WhiteElo "1706"]
[BlackElo "1637"]
[PlyCount "27"]
[EventDate "2011.03.10"]

1. e4 d6 2. f4 Nf6 3. Nc3 g6 4. Nf3 Bg7 5. Be2 c5 6. d3 O-O 7. O-O Nc6 8. Nh4
e5 9. f5 Nxe4 10. Nxe4 Qxh4 11. Bg5 Qxg5 12. Nxg5 Bxf5 13. Bg4 Bxg4 14. Qxg4
1-0

[Event "IRT Homenaje a los Jovenes Mae"]
[Site "Asuncion"]
[Date "2011.03.16"]
[Round "5.1"]
[White "Almiron, Antonio"]
[Black "Butti, Enrique"]
[Result "1-0"]
[WhiteElo "2128"]
[BlackElo "2053"]
[PlyCount "43"]
[EventDate "2011.03.10"]

1. e4 c6 2. d4 d5 3. Nc3 dxe4 4. Nxe4 Bf5 5. Ng3 Bg6 6. h4 h6 7. Nf3 Nd7 8. h5
Bh7 9. Bd3 Bxd3 10. Qxd3 Ngf6 11. Bd2 e6 12. Qe2 Qc7 13. O-O-O O-O-O 14. Ne5
Nxe5 15. dxe5 Nd5 16. f4 c5 17. c4 Ne7 18. Bc3 Nc6 19. Rxd8+ Qxd8 20. Rd1 Qh4
21. Qf3 Be7 22. Rh1 1-0

[Event "IRT Homenaje a los Jovenes Mae"]
[Site "Asuncion"]
[Date "2011.03.16"]
[Round "5.2"]
[White "Chang, Suzana"]
[Black "Heinechen, John"]
[Result "1-0"]
[WhiteElo "2014"]
[BlackElo "1801"]
[PlyCount "83"]
[EventDate "2011.03.10"]

1. e4 e6 2. d4 c5 3. Nf3 cxd4 4. Nxd4 Qb6 5. Nb3 Nc6 6. Bd3 Nf6 7. O-O Be7 8.
a4 a6 9. Be3 Qc7 10. a5 d5 11. Bb6 Qe5 12. f4 Qxb2 13. e5 Nd7 14. Be3 Bc5 15.
Qe2 Bxe3+ 16. Qxe3 f6 17. N1d2 Ke7 18. Qg3 g6 19. Qh4 Kf7 20. Qh3 f5 21. Rfb1
Qc3 22. Bxf5 Qxh3 23. Bxh3 Rb8 24. c4 Ne7 25. g3 Rd8 26. cxd5 Nxd5 27. Ne4 b5
28. Nd4 Nf8 29. Nc6 Bb7 30. Nxb8 Rxb8 31. Nd6+ Ke7 32. Nxb7 Rxb7 33. Bg2 Rd7
34. Rc1 Nb4 35. Rab1 Rd4 36. Rc7+ Nd7 37. Bc6 Nxc6 38. Rxc6 Nb8 39. Rb6 Rd8 40.
Rc1 Ke8 41. Rxe6+ Kf7 42. Rb6 1-0

[Event "IRT Homenaje a los Jovenes Mae"]
[Site "Asuncion"]
[Date "2011.03.16"]
[Round "5.3"]
[White "Rivarola, Paul"]
[Black "Roman, Rodrigo"]
[Result "0-1"]
[WhiteElo "1706"]
[BlackElo "1970"]
[PlyCount "95"]
[EventDate "2011.03.10"]

1. e4 c5 2. Nc3 Nc6 3. g3 g6 4. Bg2 Bg7 5. f4 e6 6. Nf3 Nge7 7. O-O O-O 8. d3
d6 9. Ne2 b6 10. c3 Ba6 11. g4 d5 12. e5 Rc8 13. h4 d4 14. c4 b5 15. b3 f6 16.
exf6 Bxf6 17. Ng3 Qb6 18. h5 e5 19. hxg6 hxg6 20. g5 Bg7 21. Nh4 exf4 22. Bxf4
Ne5 23. Qe2 Qd6 24. Ne4 Qe6 25. Bxe5 Qxe5 26. Qg4 Rce8 27. Nf3 Qf5 28. Qxf5
Nxf5 29. Nxc5 Bc8 30. cxb5 Ne3 31. Rf2 Bg4 32. Nh2 Re5 33. Rxf8+ Bxf8 34. Nxg4
Rxc5 35. Nxe3 dxe3 36. Bc6 Rxg5+ 37. Kf1 Bc5 38. Ke2 Bd4 39. Rf1 Rc5 40. a4 g5
41. b4 Rc2+ 42. Kf3 g4+ 43. Kg3 e2 44. Re1 Bc3 45. Rxe2 Rxe2 46. Kxg4 Bxb4 47.
d4 Kf7 48. d5 0-1

[Event "IRT Homenaje a los Jovenes Mae"]
[Site "Asuncion"]
[Date "2011.03.16"]
[Round "5.4"]
[White "Apuril, Jose"]
[Black "Riva, Eric"]
[Result "1-0"]
[WhiteElo "1836"]
[BlackElo "1687"]
[PlyCount "63"]
[EventDate "2011.03.10"]

1. d4 Nf6 2. Nf3 g6 3. c4 Bg7 4. Nc3 O-O 5. Bf4 d6 6. h3 Nbd7 7. e3 Re8 8. Bh2
b6 9. Be2 Bb7 10. b4 e5 11. d5 h6 12. Rc1 Nh7 13. Na4 Qe7 14. O-O f5 15. Qc2
Bf8 16. g4 Qf6 17. gxf5 gxf5 18. Kh1 Be7 19. Bg3 Kh8 20. Bh4 Ng5 21. e4 f4 22.
Nh2 Bc8 23. Bg4 Nf8 24. Qe2 Qg6 25. Bxg5 Qxg5 26. Rg1 Qf6 27. c5 f3 28. Bxf3
Bd7 29. c6 Bxh3 30. Bh5 Red8 31. Rg3 Qh4 32. Qf3 1-0

[Event "IRT Homenaje a los Jovenes Mae"]
[Site "Asuncion"]
[Date "2011.03.16"]
[Round "5.6"]
[White "Florentin, Damaso"]
[Black "Estigarribia, Marcos"]
[Result "1-0"]
[WhiteElo "1755"]
[BlackElo "1637"]
[PlyCount "57"]
[EventDate "2011.03.10"]

1. d4 Nf6 2. e3 c5 3. c3 g6 4. Ne2 Bg7 5. Ng3 O-O 6. Be2 d6 7. O-O Nc6 8. Na3
a6 9. f4 e5 10. fxe5 dxe5 11. dxc5 Nd7 12. Qd6 f5 13. Bd2 Kh8 14. Rad1 e4 15.
Be1 Qg5 16. Nc4 Rd8 17. h4 Qh6 18. Bf2 Nde5 19. Qc7 Rxd1 20. Rxd1 g5 21. Nb6
Nd7 22. Nxa8 Ne7 23. Rxd7 Bxd7 24. Qxd7 f4 25. exf4 gxf4 26. Qxe7 e3 27. Bxe3
fxe3 28. Nf5 Bf8 29. Qe5+ 1-0

[Event "IRT Homenaje a los Jovenes Mae"]
[Site "Asuncion"]
[Date "2011.03.17"]
[Round "6.1"]
[White "Chang, Suzana"]
[Black "Almiron, Antonio"]
[Result "1/2-1/2"]
[WhiteElo "2014"]
[BlackElo "2128"]
[PlyCount "48"]
[EventDate "2011.03.10"]

1. e4 c5 2. Nf3 d6 3. c3 Nf6 4. Bb5+ Bd7 5. Bxd7+ Qxd7 6. d3 g6 7. O-O Nc6 8.
Re1 Bg7 9. d4 O-O 10. d5 Ne5 11. Nxe5 dxe5 12. c4 Ne8 13. Be3 b6 14. Nc3 Nd6
15. b3 f5 16. exf5 gxf5 17. f4 exf4 18. Bd2 Bd4+ 19. Kh1 Ne4 20. Nxe4 fxe4 21.
Rxe4 Bxa1 22. Qxa1 Qf5 23. Qe1 Rf6 24. Bxf4 Re8 1/2-1/2

[Event "IRT Homenaje a los Jovenes Mae"]
[Site "Asuncion"]
[Date "2011.03.17"]
[Round "6.2"]
[White "Roman, Rodrigo"]
[Black "Apuril, Jose"]
[Result "1-0"]
[WhiteElo "1970"]
[BlackElo "1836"]
[PlyCount "51"]
[EventDate "2011.03.10"]

1. d4 Nf6 2. c4 Nc6 3. Nf3 e6 4. g3 Bb4+ 5. Bd2 Bxd2+ 6. Nbxd2 d6 7. Bg2 O-O 8.
O-O e5 9. d5 Ne7 10. e4 Bd7 11. h3 Qc8 12. Kh2 Ne8 13. Qb3 b6 14. Ne1 f5 15.
Nd3 Nf6 16. Rae1 fxe4 17. Nxe4 Nxe4 18. Rxe4 Bf5 19. Re3 Ng6 20. h4 Qd7 21. h5
Nh8 22. f4 Bxd3 23. Qxd3 exf4 24. Bh3 Qd8 25. Be6+ Nf7 26. Rxf4 1-0

[Event "IRT Homenaje a los Jovenes Mae"]
[Site "Asuncion"]
[Date "2011.03.17"]
[Round "6.5"]
[White "Saldana, Fernando Javier"]
[Black "Florentin, Damaso"]
[Result "1-0"]
[WhiteElo "1737"]
[BlackElo "1755"]
[PlyCount "87"]
[EventDate "2011.03.10"]

1. e4 d6 2. d4 c6 3. Bd3 e5 4. c3 Nf6 5. Bg5 Be7 6. Ne2 Bg4 7. O-O Nbd7 8. h3
Bh5 9. Qc2 Bg6 10. Kh1 Nh5 11. Be3 Bg5 12. Qd2 h6 13. g4 Nhf6 14. Ng3 Bh4 15.
Nf5 Bxf5 16. gxf5 Qe7 17. Rg1 exd4 18. cxd4 Nxe4 19. Qc2 Ng5 20. Rg4 Nxh3 21.
Re4 Ne5 22. dxe5 dxe5 23. Kg2 Qf6 24. Kxh3 Bg5 25. Rb4 b6 26. Be4 Rc8 27. Rc4
c5 28. Nc3 Bf4 29. Qa4+ Kf8 30. Bxf4 exf4 31. Rd1 Qg5 32. Qd7 Re8 33. Bf3 g6
34. Qd6+ Kg8 35. Qxf4 gxf5 36. Kh2 b5 37. Nxb5 Re4 38. Rxe4 fxe4 39. Qxe4 Kf8
40. Rd5 Qf6 41. Nc3 Kg7 42. Rf5 Qb6 43. b3 c4 44. Qg4+ 1-0

[Event "IRT Homenaje a los Jovenes Mae"]
[Site "Asuncion"]
[Date "2011.03.18"]
[Round "7.1"]
[White "Almiron, Antonio"]
[Black "Torres, Mauricio"]
[Result "1-0"]
[WhiteElo "2128"]
[BlackElo "1671"]
[PlyCount "55"]
[EventDate "2011.03.10"]

1. d4 Nf6 2. c4 g6 3. Nc3 Bg7 4. e4 d6 5. Be2 O-O 6. Nf3 c5 7. d5 e6 8. O-O
exd5 9. cxd5 a6 10. a4 Nbd7 11. Bf4 Ne8 12. Nd2 Ne5 13. Bg3 Rb8 14. f4 Nd7 15.
Nc4 Qe7 16. e5 dxe5 17. d6 Qe6 18. fxe5 b5 19. axb5 axb5 20. Na5 Nxe5 21. Nxb5
Qd7 22. Qd5 Ng4 23. Qxc5 Bxb2 24. Rab1 Bg7 25. Nc6 Ra8 26. Bf3 Ra4 27. Ne7+ Kh8
28. Qxc8 1-0

[Event "IRT Homenaje a los Jovenes Mae"]
[Site "Asuncion"]
[Date "2011.03.18"]
[Round "7.2"]
[White "Butti, Enrique"]
[Black "Roman, Rodrigo"]
[Result "1/2-1/2"]
[WhiteElo "2053"]
[BlackElo "1970"]
[PlyCount "29"]
[EventDate "2011.03.10"]

1. d4 g6 2. c4 Bg7 3. Nc3 d6 4. e4 a6 5. Be3 c6 6. Qd2 b5 7. Bd3 Nd7 8. Nf3 Qa5
9. O-O Nb6 10. c5 dxc5 11. dxc5 Nd7 12. a3 Qc7 13. Rad1 Ngf6 14. h3 O-O 15. b4
1/2-1/2

[Event "IRT Homenaje a los Jovenes Mae"]
[Site "Asuncion"]
[Date "2011.03.18"]
[Round "7.3"]
[White "Apuril, Jose"]
[Black "Chang, Suzana"]
[Result "1-0"]
[WhiteElo "1836"]
[BlackElo "2014"]
[PlyCount "127"]
[EventDate "2011.03.10"]

1. d4 Nf6 2. c4 e6 3. Nc3 Bb4 4. e3 b6 5. Nf3 Bb7 6. Bd3 Ne4 7. Qc2 f5 8. a3
Bxc3+ 9. bxc3 O-O 10. O-O Nc6 11. Nd2 Nxd2 12. Bxd2 Qh4 13. f3 d6 14. e4 f4 15.
Be1 Qh6 16. Qe2 e5 17. d5 Na5 18. g4 Qh3 19. Rf2 Rf6 20. Qa2 Ba6 21. Bf1 Qh6
22. Rg2 Qg6 23. Rb1 Qf7 24. h4 Qe8 25. Rd2 Kh8 26. Bf2 Rc8 27. Rc2 Rf7 28. c5
Bxf1 29. Kxf1 dxc5 30. c4 Qa4 31. Be1 Nb7 32. Rcc1 Nd6 33. Rb2 Rd8 34. Rbc2
Rfd7 35. h5 Nf7 36. Bh4 Rc8 37. Qb2 c6 38. h6 cxd5 39. hxg7+ Kxg7 40. exd5 b5
41. Re2 Kg8 42. Bf6 bxc4 43. Rxe5 Qb3 44. Qxb3 cxb3 45. Rxc5 Rb8 46. Rb5 Rdd8
47. Rxb8 Rxb8 48. Re2 a5 49. a4 h6 50. Ke1 Rb6 51. Bc3 Rb7 52. Kd1 Ng5 53. Rh2
Kf7 54. Kc1 Kg6 55. Kb2 Nf7 56. Re2 Kg5 57. Re6 Rd7 58. Bf6+ Kg6 59. Be7+ Kg7
60. d6 Rb7 61. Bf6+ Kf8 62. Re7 Rb6 63. d7 Rxf6 64. Rxf7+ 1-0